Statistics for Best QBs to never lead the league in passing touchdowns

Click here to take the quiz!

General Stats

  • This quiz has been taken 13 times
  • The average score is 13 of 20

Answer Stats

TeamsQB% Correct
PITBen Roethlisberger
100%
DENJohn Elway
100%
NOS/HOU/MINArchie Manning
92%
ATLMatt Ryan
92%
DALTony Romo
92%
DALTroy Aikman
83%
GBPBart Starr
75%
CIN/NYJ/ARIBoomer Esiason
75%
NEP/BUF/DALDrew Bledsoe
75%
NYGPhil Simms
75%
DET/LARMatthew Stafford
67%
PHI/MIN/DAL/BALRandall Cunningham
67%
PHI/WAS/MINDonovan McNabb
58%
CINKen Anderson
58%
TEN/BALSteve McNair
58%
DALDon Meredith
42%
LAR/PHINorm Van Brocklin
25%
MIN/WAS/KAN/OAKRich Gannon
25%
LAR/CHIBill Wade
8%
CLE/DET/LAR/NYGMilt Plum
8%

Score Distribution

Percentile by Number Answered

Percent of People with Each Score

Your Score History

You have not taken this quiz